[Event "Cambridge op 2nd"]
[Site "Cambridge"]
[Date "2024.02.19"]
[Round "1"]
[White "Hanley, Craig"]
[Black "Ismail, Mohammed Aayan"]
[Result "1-0"]
[WhiteElo "2431"]
[BlackElo "2111"]
[PlyCount "77"]
[EventDate "2024.02.19"]
[EventType "swiss"]
[EventRounds "9"]
[EventCountry "ENG"]
[SourceTitle "CB09_2024"]
[SourceDate "2024.02.28"]
[SourceVersion "1"]
[SourceVersionDate "2024.02.28"]
[SourceQuality "1"]

1. d4 d5 2. Bf4 Nf6 3. Nc3 e6 4. Nb5 Na6 5. e3 c6 6. Nc3 Bd6 7. Nf3 0-0 8. Bd3 Bxf4 9. exf4 c5 10. Bxa6 bxa6 11. 0-0 Qc7 12. Na4 cxd4 13. Qxd4 Ne4 14. Ne5 Bb7 15. f3 Nd6 16. c3 Rfc8 17. Rfd1 Qa5 18. b3 Nb5 19. Qd2 Nxc3 20. Rac1 d4 21. Nxc3 dxc3 22. Qd7 Bd5 23. Qxf7+ Kh8 24. Rc2 Qc5+ 25. Kf1 Rc7 26. Qh5 Rac8 27. Rd3 Qb5 28. Qh4 a5 29. Qe1 Qb4 30. Qe3 a4 31. bxa4 Bxa2 32. Qd4 Qxd4 33. Rxd4 Bb1 34. Rc1 Rb7 35. Rxc3 Rcb8 36. Rd7 h6 37. Rc8+ Rxc8 38. Rxb7 a5 39. Rxb1 1-0

[Event "Hastings Masters op"]
[Site "Hastings"]
[Date "2024.01.04"]
[Round "8"]
[White "Boyer, Mahel"]
[Black "Ismail, Mohammed Aayan"]
[Result "1-0"]
[WhiteElo "2427"]
[BlackElo "2115"]
[PlyCount "77"]
[EventDate "2023.12.28"]
[EventType "swiss"]
[EventRounds "9"]
[EventCountry "ENG"]
[SourceTitle "CB02_2024"]
[SourceDate "2024.01.10"]
[SourceVersion "1"]
[SourceVersionDate "2024.01.10"]
[SourceQuality "1"]

1. e4 c6 2. d4 d5 3. e5 Bf5 4. Nf3 e6 5. Be2 Nd7 6. 0-0 Ne7 7. a4 Rc8 8. a5 a6 9. b4 h6 10. Ne1 g5 11. f4 gxf4 12. c3 Ng6 13. Bd3 Qg5 14. Bxf5 Qxf5 15. Nd3 Rg8 16. Bxf4 Nxf4 17. Nxf4 Rg4 18. Nh3 Qg6 19. Ra2 h5 20. Nf4 Qg5 21. Raf2 Bh6 22. Qd3 Nf8 23. Nd2 Rc7 24. Nb3 h4 25. Nc5 Re7 26. Qe2 Nh7 27. Kh1 Kd8 28. Nh3 Qg6 29. Rf3 Ke8 30. Nxb7 Rxb7 31. Qxa6 Rd7 32. Qc8+ Rd8 33. Qxc6+ Kf8 34. Qc7 Re8 35. Qxf7+ Qxf7 36. Rxf7+ Kg8 37. a6 Ra8 38. b5 Nf8 39. a7 1-0

[Event "Hastings Masters op"]
[Site "Hastings"]
[Date "2024.01.02"]
[Round "6"]
[White "Banerjee, Supratit"]
[Black "Ismail, Mohammed Aayan"]
[Result "0-1"]
[WhiteElo "1974"]
[BlackElo "2115"]
[PlyCount "110"]
[EventDate "2023.12.28"]
[EventType "swiss"]
[EventRounds "9"]
[EventCountry "ENG"]
[SourceTitle "CB02_2024"]
[SourceDate "2024.01.10"]
[SourceVersion "1"]
[SourceVersionDate "2024.01.10"]
[SourceQuality "1"]

1. e4 c6 2. d4 d5 3. Nd2 dxe4 4. Nxe4 Nf6 5. Nxf6+ exf6 6. c3 Bd6 7. Bd3 0-0 8. Qc2 Re8+ 9. Ne2 h5 10. Be3 Nd7 11. 0-0-0 Nf8 12. Ng3 Be6 13. c4 h4 14. Nf5 Ng6 15. g3 h3 16. Rhe1 b5 17. d5 cxd5 18. c5 Bf8 19. Nd4 Bxc5 20. Qxc5 Rc8 21. Nc6 Qd7 22. Bxb5 a6 23. Ba4 Ne5 24. Kb1 Nxc6 25. Rc1 Bf5+ 26. Ka1 Re6 27. Bd2 Rxe1 28. Bxe1 Qe8 29. Bxc6 Bd7 30. Qxd5 Rxc6 31. Bc3 Be6 32. Qa5 Qd7 33. a3 Qd3 34. Re1 Qc4 35. Kb1 Qd3+ 36. Ka1 Qc4 37. Kb1 Rc5 38. Qd8+ Kh7 39. Qd4 Qa2+ 40. Kc1 Rd5 41. Qe4+ Bf5 42. Qxd5 Qxd5 43. Re3 Qh1+ 44. Kd2 Qxh2 45. Rf3 Bg4 46. Rf4 f5 47. Ke3 Qg1 48. Kd4 h2 49. Kc5 h1Q 50. Kb4 Qb7+ 51. Kc5 Qd1 52. Rd4 Qc7+ 53. Kb4 a5+ 54. Kb5 Be2+ 55. Rd3 Bxd3# 0-1

[Event "Wch U18"]
[Site "Montesilvano"]
[Date "2023.11.22"]
[Round "9"]
[White "Ismail, Mohammed Aayan"]
[Black "Tadic, Stefan"]
[Result "0-1"]
[WhiteElo "2143"]
[BlackElo "2407"]
[PlyCount "82"]
[EventDate "2023.11.13"]
[EventType "swiss"]
[EventRounds "11"]
[EventCountry "ITA"]
[SourceTitle "CB48_2023"]
[SourceDate "2023.11.29"]
[SourceVersion "1"]
[SourceVersionDate "2023.11.29"]
[SourceQuality "1"]

1. b4 e5 2. a3 d5 3. Bb2 Bd6 4. c4 dxc4 5. Qc2 Be6 6. e3 Nd7 7. Bxc4 Bxc4 8. Qxc4 Ngf6 9. Nc3 a5 10. Nge2 axb4 11. axb4 Rxa1+ 12. Bxa1 Qe7 13. Ng3 Nb6 14. Qb5+ Qd7 15. Nf5 Qxb5 16. Nxb5 Kd7 17. Nbxd6 cxd6 18. d4 e4 19. d5 Nbxd5 20. 0-0 g6 21. Ng3 Rc8 22. Bd4 Ke6 23. b5 Rc4 24. b6 Rb4 25. Rd1 g5 26. f3 exf3 27. gxf3 Nd7 28. Ne4 h6 29. Nxd6 Kxd6 30. e4 Rb5 31. Bg7 h5 32. Kf2 f6 33. exd5 Rxd5 34. Rc1 Rb5 35. Rc8 Ke6 36. Rc7 Rxb6 37. f4 gxf4 38. Kf3 Rb4 39. Rc8 Ne5+ 40. Kg2 Rb2+ 41. Kh3 Ng4 0-1

[Event "Wch U18"]
[Site "Montesilvano"]
[Date "2023.11.17"]
[Round "5"]
[White "Ismail, Mohammed Aayan"]
[Black "Bicer, Atakan Mert"]
[Result "0-1"]
[WhiteElo "2143"]
[BlackElo "2318"]
[PlyCount "97"]
[EventDate "2023.11.13"]
[EventType "swiss"]
[EventRounds "11"]
[EventCountry "ITA"]
[SourceTitle "CB48_2023"]
[SourceDate "2023.11.29"]
[SourceVersion "1"]
[SourceVersionDate "2023.11.29"]
[SourceQuality "1"]

1. c4 Nf6 2. Nf3 g6 3. b3 Bg7 4. Bb2 0-0 5. e3 d6 6. d4 e5 7. dxe5 Nfd7 8. Be2 Nc6 9. Nc3 dxe5 10. Qc1 f5 11. Nd5 Re8 12. h4 h6 13. Qc3 Nc5 14. Rd1 Nd7 15. Ra1 Nc5 16. Rd1 Bd7 17. Kf1 a5 18. g3 Nb8 19. Qc1 c6 20. Nc3 Qc7 21. Nd5 Qd8 22. Nc3 Qc7 23. Qc2 Nba6 24. Qc1 Nb8 25. Qc2 Nba6 26. a3 Be6 27. Nb1 Bd7 28. Nc3 Be6 29. Nb1 Nb8 30. Nc3 Nba6 31. Nb1 Nb8 32. Nbd2 Nbd7 33. Nb1 Nb8 34. Nbd2 Nbd7 35. Nb1 Nb8 36. Nbd2 Nbd7 37. Bc3 e4 38. Nd4 Ne5 39. Nxe6 Rxe6 40. Bd4 Qe7 41. Bc3 Qc7 42. Bd4 Qe7 43. Kg2 b6 44. Ra1 Ncd3 45. b4 axb4 46. axb4 Rxa1 47. Rxa1 Nxb4 48. Ra8+ Kh7 49. Qa4 0-1

[Event "GBR-ch 109th"]
[Site "Leicester"]
[Date "2023.07.30"]
[Round "9"]
[White "Ismail, Mohammed Aayan"]
[Black "Szekely, Balazs Virgil"]
[Result "1/2-1/2"]
[WhiteElo "2169"]
[BlackElo "1957"]
[PlyCount "148"]
[EventDate "2023.07.22"]
[EventType "swiss"]
[EventRounds "9"]
[EventCountry "ENG"]
[SourceTitle "CBM 215 Extra"]
[Source "ChessBase"]
[SourceDate "2023.09.30"]
[SourceVersion "1"]
[SourceVersionDate "2023.09.30"]
[SourceQuality "1"]

1. e4 c5 2. b3 d5 3. exd5 Qxd5 4. Nc3 Qd8 5. Nf3 Nc6 6. Bb5 Bd7 7. 0-0 Nf6 8. Re1 e6 9. Bb2 Be7 10. Bxc6 Bxc6 11. Ne5 Qd6 12. Ne2 Nd7 13. Nxc6 Qxc6 14. d4 Bf6 15. c4 0-0 16. Qd2 Rfd8 17. Rad1 Qa6 18. Qc2 Rac8 19. dxc5 Qxa2 20. Nc3 Qa5 21. Ra1 Qb4 22. Ra4 Qxc5 23. Ne4 Qb6 24. Nxf6+ Nxf6 25. Bxf6 gxf6 26. Qc3 Qd4 27. Qg3+ Kh8 28. Qf3 b5 29. cxb5 Qc3 30. Qxc3 Rxc3 31. Rxa7 Kg7 32. h4 Rxb3 33. Rxe6 Rxb5 34. Ree7 Rf8 35. Kh2 h5 36. Kg3 Kg6 37. Rec7 Rf5 38. f3 Rb5 39. Kh3 Rf5 40. Rc3 Re8 41. g4 Rfe5 42. Rcc7 Rf8 43. Rc4 Rfe8 44. gxh5+ Rxh5 45. Rg4+ Kf5 46. Raa4 Re1 47. Raf4+ Ke6 48. Rg2 f5 49. Ra4 Kf6 50. Ra6+ Re6 51. Ra8 Rh6 52. Rgg8 Rg6 53. h5 Rxg8 54. Rxg8 Re1 55. Kg2 Re2+ 56. Kg3 Re1 57. Kf4 Rh1 58. Rh8 Kg7 59. Rb8 Rxh5 60. Rb6 f6 61. Rb8 Kf7 62. Ra8 Rh3 63. Rb8 Kg7 64. Ra8 Kg6 65. Rg8+ Kf7 66. Ra8 Rh5 67. Rb8 Rg5 68. Rb7+ Ke6 69. Rb5 Rh5 70. Rb6+ Kf7 71. Rb8 Ke6 72. Rb6+ Kf7 73. Rb8 Kg7 74. Ra8 Kf7 1/2-1/2

[Event "Cambridge op"]
[Site "Cambridge"]
[Date "2023.02.15"]
[Round "1"]
[White "Ismail, Mohammed Aayan"]
[Black "Donnelly, Andrew J"]
[Result "1-0"]
[WhiteElo "2211"]
[BlackElo "1522"]
[PlyCount "83"]
[EventDate "2023.02.15"]
[EventType "swiss"]
[EventRounds "9"]
[EventCountry "ENG"]
[SourceTitle "CBM 212 Extra"]
[Source "ChessBase"]
[SourceDate "2023.03.31"]
[SourceVersion "1"]
[SourceVersionDate "2023.03.31"]
[SourceQuality "1"]

1. c4 Nf6 2. Nc3 g6 3. g3 Bg7 4. Bg2 0-0 5. e4 d6 6. Nge2 Nc6 7. 0-0 e5 8. d3 Rb8 9. h3 Bd7 10. Bg5 Qc8 11. Kh2 Ne8 12. Qd2 f6 13. Be3 b6 14. Nd5 Qd8 15. f4 Ne7 16. fxe5 Nxd5 17. cxd5 dxe5 18. d4 Nd6 19. Rac1 Nf7 20. dxe5 fxe5 21. Rc2 Rc8 22. Nc1 Bb5 23. Rf2 c6 24. Qb4 Qd7 25. a4 Ba6 26. a5 c5 27. Qa3 Bb7 28. a6 Ba8 29. h4 Rc7 30. Bh3 Qb5 31. Be6 Kh8 32. Bd2 Nd6 33. Rxf8+ Bxf8 34. Qf3 Qe8 35. Bc3 Bg7 36. Nd3 Re7 37. Bxe5 Bxe5 38. Nxe5 Nxe4 39. Re2 Rxe6 40. dxe6 Qxe6 41. Qf8+ Qg8 42. Nf7# 1-0

[Event "Hastings Masters op"]
[Site "Hastings"]
[Date "2023.01.05"]
[Round "9"]
[White "Cherniaev, Alexander"]
[Black "Ismail, Mohammed Aayan"]
[Result "1-0"]
[WhiteElo "2374"]
[BlackElo "1963"]
[PlyCount "223"]
[EventDate "2022.12.28"]
[EventType "swiss"]
[EventRounds "10"]
[EventCountry "ENG"]
[SourceTitle "CBM 212 Extra"]
[Source "ChessBase"]
[SourceDate "2023.03.31"]
[SourceVersion "1"]
[SourceVersionDate "2023.03.31"]
[SourceQuality "1"]

1. c4 Nf6 2. g3 e6 3. Bg2 d5 4. Nf3 h6 5. 0-0 Bd6 6. d3 0-0 7. Nc3 dxc4 8. dxc4 Nc6 9. Nb5 Qe7 10. Nxd6 cxd6 11. b3 d5 12. cxd5 exd5 13. Bb2 Rd8 14. Nd4 Nxd4 15. Bxd4 Bd7 16. Qd2 Bc6 17. Qb2 a5 18. a4 Qe6 19. Rfc1 Ra6 20. Rc2 b5 21. Bf1 bxa4 22. bxa4 Raa8 23. Bxf6 gxf6 24. Qd4 Rd6 25. Bg2 Rad8 26. Qc5 Qe5 27. Ra3 Rb8 28. f4 Qe7 29. Qxa5 d4 30. Qc5 Bxg2 31. Kxg2 Qe4+ 32. Rf3 Re6 33. Rd2 Rd8 34. Qb5 Rc6 35. Kf2 Rc1 36. a5 Rh1 37. Kg2 Ra1 38. a6 Rc8 39. Qb7 Qe8 40. Rfd3 Qc6+ 41. Qxc6 Rxc6 42. Rxd4 Rcxa6 43. Kf3 Kg7 44. Kg4 R1a2 45. Rxa2 Rxa2 46. Re4 Rb2 47. Re8 Ra2 48. h4 Ra3 49. e3 Ra1 50. Rd8 Ra3 51. Re8 Ra1 52. h5 Rh1 53. Rd8 Re1 54. Rd3 Rh1 55. e4 Re1 56. Kf5 Rh1 57. g4 Ra1 58. Rd6 Ra5+ 59. Rd5 Ra1 60. Rd7 Ra5+ 61. e5 fxe5 62. fxe5 Ra1 63. Rd4 Rf1+ 64. Ke4 Ra1 65. Rc4 Re1+ 66. Kd5 Rd1+ 67. Rd4 Re1 68. Kd6 Re2 69. Rf4 Ra2 70. Rd4 Re2 71. Rd1 Rg2 72. Rf1 Ra2 73. Kd5 Rd2+ 74. Ke4 Re2+ 75. Kf5 Re3 76. Rg1 Re2 77. g5 Rf2+ 78. Kg4 Re2 79. Kf4 Rf2+ 80. Ke3 Rf5 81. Ke4 Rf2 82. g6 Re2+ 83. Kd5 Rd2+ 84. Kc6 fxg6 85. Rxg6+ Kf7 86. Rxh6 Ke7 87. Rg6 Kf7 88. Kc5 Rh2 89. Rf6+ Ke7 90. h6 Rh1 91. Ra6 Rc1+ 92. Kd5 Rd1+ 93. Ke4 Re1+ 94. Kf5 Rf1+ 95. Kg6 Rg1+ 96. Kh7 Kf7 97. Rf6+ Ke8 98. Rg6 Rf1 99. Re6+ Kf8 100. Ra6 Rf2 101. Kg6 Ke7 102. h7 Rg2+ 103. Kf5 Rf2+ 104. Ke4 Rf8 105. Rh6 Rh8 106. Kf5 Kf7 107. Ra6 Kg7 108. Ra7+ Kh6 109. Rf7 Kh5 110. e6 Ra8 111. e7 Ra5+ 112. Ke4 1-0

[Event "Hastings Masters op"]
[Site "Hastings"]
[Date "2022.12.29"]
[Round "2"]
[White "Oragwu, Chukwunonso"]
[Black "Ismail, Mohammed Aayan"]
[Result "0-1"]
[WhiteElo "2233"]
[BlackElo "1963"]
[PlyCount "216"]
[EventDate "2022.12.28"]
[EventType "swiss"]
[EventRounds "10"]
[EventCountry "ENG"]
[SourceTitle "CBM 212 Extra"]
[Source "ChessBase"]
[SourceDate "2023.03.31"]
[SourceVersion "1"]
[SourceVersionDate "2023.03.31"]
[SourceQuality "1"]

1. e4 c6 2. d4 d5 3. e5 Bf5 4. Nf3 e6 5. Be2 Nd7 6. c3 Ne7 7. Nbd2 Bg6 8. Nh4 c5 9. Nxg6 hxg6 10. Nf3 Nc6 11. a3 a5 12. Bb5 Qb6 13. Qa4 c4 14. b3 cxb3 15. Rb1 Qc7 16. Qxb3 a4 17. Bxa4 Na5 18. Qb5 Be7 19. 0-0 Rd8 20. h3 0-0 21. Bg5 Rfe8 22. Qd3 Nc4 23. Rb3 Na5 24. Rb5 Nc4 25. Rb3 Ra8 26. Bxe7 Rxe7 27. Bxd7 Qxd7 28. Ra1 Ra4 29. Ng5 Re8 30. Qg3 f6 31. Nf3 Qf7 32. Nh4 fxe5 33. dxe5 Nd2 34. Rb4 Ne4 35. Qe3 Rxb4 36. axb4 Rc8 37. Ra3 Qc7 38. Nxg6 Kf7 39. Nf4 Qxe5 40. Ne2 Qf6 41. f3 Nd6 42. Ra7 Kg8 43. Qd3 Qe5 44. Ra1 Nf5 45. Qd2 Qf6 46. Re1 Rc4 47. Qd3 Qe5 48. Ra1 Qc7 49. Qd2 Qb6+ 50. Kh2 Qc7+ 51. Kh1 Qe5 52. Re1 Qf6 53. Kg1 Qd8 54. Qd3 Qb6+ 55. Kh2 Qf2 56. Rg1 Rh4 57. f4 Ne3 58. Kh1 Nf5 59. Kh2 Ne3 60. Kh1 Rxh3+ 61. gxh3 Qf3+ 62. Kh2 Nf1+ 63. Rxf1 Qxd3 64. Rf2 Qe3 65. Kg2 Kf7 66. h4 Kf6 67. Kf1 Qh3+ 68. Ke1 Qxh4 69. Nd4 Qg3 70. Ne2 Qe3 71. Rh2 e5 72. fxe5+ Kxe5 73. Rh8 Kd6 74. Rd8+ Kc6 75. Kd1 Qd3+ 76. Ke1 Qe3 77. Kd1 Qe4 78. Rc8+ Kb6 79. Kd2 g5 80. Ra8 g4 81. Ra1 g3 82. Rg1 g2 83. Re1 Qf3 84. Rc1 Qf2 85. Kd3 Qf1 86. Kd2 Kb5 87. Nd4+ Kc4 88. Ne2 b6 89. Rd1 Kb3 90. Rc1 Kb2 91. Rd1 Qf3 92. Re1 Qf2 93. Rd1 b5 94. Re1 Qf1 95. Rd1 Kb3 96. Nd4+ Kc4 97. Ne2 g1Q 98. Nxg1 Qd3+ 99. Ke1 Qxc3+ 100. Rd2 Kxb4 101. Ne2 Qa1+ 102. Rd1 Qe5 103. Rb1+ Kc4 104. Rc1+ Kd3 105. Rd1+ Ke3 106. Rd2 Qh8 107. Kd1 Qh1+ 108. Kc2 Qe1 0-1

[Event "ENG-ch U16"]
[Site "Torquay"]
[Date "2022.08.09"]
[Round "2"]
[White "Fleri, Luke"]
[Black "Ismail, Mohammed Aayan"]
[Result "0-1"]
[WhiteElo "1628"]
[BlackElo "1919"]
[PlyCount "86"]
[EventDate "2022.08.08"]
[EventType "swiss"]
[EventRounds "7"]
[EventCountry "ENG"]
[SourceTitle "EXT 2023"]
[Source "ChessBase"]
[SourceDate "2022.10.05"]
[SourceVersion "1"]
[SourceVersionDate "2022.10.05"]
[SourceQuality "1"]

1. e4 c6 2. d4 d5 3. Nd2 dxe4 4. Nxe4 Nf6 5. Nxf6+ exf6 6. Be3 Bd6 7. Nf3 0-0 8. Be2 Re8 9. 0-0 Nd7 10. c4 Nf8 11. a4 Ng6 12. c5 Bf4 13. Ra3 Be6 14. b4 Bd5 15. Nd2 Qc7 16. g3 Bxe3 17. fxe3 Rad8 18. Bf3 Qd7 19. e4 Be6 20. Nb3 Bxb3 21. Qxb3 Qxd4+ 22. Kg2 Qd2+ 23. Rf2 Qg5 24. Kf1 Ne5 25. Kg2 Rd2 26. Ra2 Rd3 27. Qb1 Qe3 28. Rae2 Qd4 29. Qb2 Qd7 30. Rd2 Rd8 31. Rde2 Nc4 32. Qc1 Qd4 33. Re1 Ne5 34. Qb1 Nxf3 35. Rxf3 Rd2+ 36. Kh3 Qd7+ 37. g4 h5 38. Rg1 Qc7 39. Rgg3 h4 40. Kxh4 Rxh2+ 41. Rh3 Qe5 42. Qf1 g5+ 43. Kh5 Kg7 0-1

[Event "GBR-ch Online"]
[Site "Chess.com INT"]
[Date "2021.08.02"]
[Round "4"]
[White "Adams, Michael"]
[Black "Ismail, Mohammed Aayan"]
[Result "1-0"]
[WhiteElo "2716"]
[BlackElo "1719"]
[PlyCount "85"]
[EventDate "2021.07.30"]
[EventType "swiss"]
[EventRounds "9"]
[EventCountry "ENG"]
[SourceTitle "CBM 203 Extra"]
[Source "ChessBase"]
[SourceDate "2021.09.30"]
[SourceVersion "1"]
[SourceVersionDate "2021.09.30"]
[SourceQuality "1"]

1. e4 c6 2. d4 d5 3. Nd2 dxe4 4. Nxe4 Nf6 5. Nxf6+ exf6 6. Be3 Bd6 7. Bd3 0-0 8. Ne2 Re8 9. 0-0 Nd7 10. c4 Nf8 11. Ng3 Bxg3 12. hxg3 f5 13. Qd2 Be6 14. Rfd1 Qd7 15. Be2 Red8 16. Rac1 Ng6 17. Bf3 Ne7 18. Qb4 Rac8 19. a4 h6 20. a5 Kh7 21. Rc3 g5 22. Rcd3 Qd6 23. Qxd6 Rxd6 24. d5 cxd5 25. cxd5 Bd7 26. Bxa7 Bb5 27. Re3 Ng6 28. b4 g4 29. Bc5 Rd7 30. Be2 Bxe2 31. Rxe2 h5 32. d6 Kg7 33. Rd5 Kf6 34. f4 gxf3 35. gxf3 h4 36. g4 Rxc5 37. bxc5 fxg4 38. fxg4 Rd8 39. d7 Nf8 40. a6 bxa6 41. c6 Ne6 42. Rxe6+ Kxe6 43. c7 1-0

[Event "Caplin British Online"]
[Site "Chess.com INT"]
[Date "2020.12.22"]
[Round "2"]
[White "Goss, Alex"]
[Black "Ismail, Mohammed Aayan"]
[Result "1/2-1/2"]
[WhiteElo "1833"]
[BlackElo "1719"]
[PlyCount "84"]
[EventDate "2020.12.21"]
[EventType "swiss"]
[EventRounds "9"]
[EventCountry "GBR"]
[SourceTitle "CBM 200 Extra"]
[Source "ChessBase"]
[SourceDate "2021.03.31"]
[SourceVersion "1"]
[SourceVersionDate "2021.03.31"]
[SourceQuality "1"]

1. e4 c6 2. d4 d5 3. Nc3 dxe4 4. Nxe4 Nf6 5. Ng3 Bg4 6. Be2 Bxe2 7. N1xe2 e6 8. c4 Bb4+ 9. Bd2 Bxd2+ 10. Qxd2 Nbd7 11. 0-0 0-0 12. Rad1 Qc7 13. Rfe1 Rad8 14. Qf4 Qa5 15. a3 Nb6 16. Qc1 c5 17. b3 cxd4 18. Nxd4 Qc5 19. Nc2 Qc7 20. h3 h6 21. Qe3 Rd7 22. Ne4 Nxe4 23. Qxe4 Rfd8 24. Qf3 Rxd1 25. Rxd1 Rxd1+ 26. Qxd1 Qd7 27. Qd4 Qxd4 28. Nxd4 Kf8 29. Nb5 Nc8 30. Kf1 Ke7 31. Ke2 a6 32. Nd4 Kd6 33. Kd3 Ne7 34. f4 Ng6 35. g3 f5 36. b4 h5 37. h4 Ne7 38. c5+ Kd5 39. a4 Nc8 40. Nc2 Ne7 41. Ne3+ Kc6 42. Kd4 Nd5 1/2-1/2